Countries Most Similar To Serbia - Statistics

General Stats
  • This quiz has been taken 318 times
  • The average score is 16 of 20
Answer Stats
Rank Country Score % Correct
1 Bosnia and Herzegovina 83.8
96%
3 Croatia 82.8
96%
4 Bulgaria 82.4
92%
2 Montenegro 83
92%
7 Romania 78
92%
19 Russia 70.1
92%
8 Slovenia 77.5
88%
6 Slovakia 79.6
87%
5 North Macedonia 82
86%
18 Greece 70.4
84%
17 Albania 70.7
82%
10 Hungary 76.6
82%
11 Ukraine 76.5
82%
12 Poland 75.8
78%
13 Belarus 75.1
75%
9 Czechia 76.7
74%
16 Austria 70.9
69%
14 Moldova 74.9
65%
20 Latvia 70
53%
15 Lithuania 71.3
53%
No matching quizzes found
Score Distribution
Percent of People with Each Score
Percentile by Number Answered
Your Score History
You have not taken this quiz